logo

Bir Sreshtho Munshi Abdur Rouf Library
Jhenaidah Cadet College

সূর্য পৃথিবী মানুষ / (Record no. 9045)

MARC details
000 -LEADER
fixed length control field 00768nam a2200229 a 4500
001 - CONTROL NUMBER
JCCL Control Number 9045
003 - CONTROL NUMBER IDENTIFIER
JCCL marc code BD-JhCC
005 - DATE AND TIME OF LATEST TRANSACTION
control field 20180524101740.0
008 - FIXED-LENGTH DATA ELEMENTS--GENERAL INFORMATION
fixed length control field 180307s1966 bg a|||| ||a| 000 0 ben d
035 ## - SYSTEM CONTROL NUMBER
system control number (BD-JhCC)9045
040 ## - CATALOGING SOURCE
Original cataloging agency BD-JhCC
Modifying agency BD-JhCC
041 ## - LANGUAGE CODE
Language code of Book ben
082 ## - DEWEY DECIMAL CLASSIFICATION NUMBER
Classification number 500
Author mark and Year BIS 1966
100 ## - MAIN ENTRY--PERSONAL NAME
Personal name বিশপ, জর্জ বিশপ ও এস,
245 ## - TITLE STATEMENT
Title সূর্য পৃথিবী মানুষ /
Statement of responsibility, etc জর্জ বিশপ ও এস, বিশপ জহুরুল আলম (অনু.)
260 ## - PUBLICATION, DISTRIBUTION, ETC. (IMPRINT)
Place of publication, distribution, etc ঢাকা:
Name of publisher, distributor, etc রায়হান পাবলিকেশান্স;
Date of publication, distribution, etc 1966.
300 ## - PHYSICAL DESCRIPTION
Pagination 129 p. :
Dimensions 18 cm.
651 ## - SUBJECT ADDED ENTRY--GEOGRAPHIC NAME
Geographic name Science.
700 ## - ADDED ENTRY--PERSONAL NAME
Personal name আলম, জহুরুল .
942 ## - ADDED ENTRY ELEMENTS (KOHA)
Source of classification or shelving scheme Library of Congress Classification
Koha item type Books
Holdings
Source of classification or shelving scheme Damaged status Not for loan Home library Current library Shelving location Date of accession Cost, normal purchase price Total Checkouts Full call number Barcode Date last seen Copy number Koha item type
Dewey Decimal Classification     JCC Rouf Library JCC Rouf Library General Stacks 03/07/2018 2.50   500 ALO 1966 11012 03/07/2018 C-1 Books

JCC Library | Contacts | JCC Home

Last Update on 23 September 2017
Copyright @ 2017-2020 JCC Rouf Library
Rouf Library, Jhenidah Cadet College (JCC), Bangladesh